| 000 | 00840nam a22001817a 4500 | ||
|---|---|---|---|
| 999 |
_c64057 _d64057 |
||
| 003 | Ge_BSU | ||
| 005 | 20260317160551.0 | ||
| 008 | 260317s1974 ge ||||| |||| 00| 0 geo d | ||
| 041 | _ageo | ||
| 080 | _a338(479.22) : 316.42(479.22) კ-98 | ||
| 100 |
_aკუჭუხიძე, ალ. _913650 |
||
| 245 |
_aსამეურნეო და სოციალური მშენებლობის პერსპექტივები / _cალ. კუჭუხიძე. |
||
| 264 |
_aთბილისი : _bსაბჭ. საქართველო, _c1974. |
||
| 300 |
_a58 გვ. ; _b16 სმ. |
||
| 653 | _aსაქართველოს ეკონომიკა | ||
| 653 | _aსაქართველოს სოციალური განვითარება | ||
| 942 |
_2udc _cᲬᲘᲒᲜᲘ |
||